| 000 | 00713nam a2200229Ia 4500 | ||
|---|---|---|---|
| 003 | GCL | ||
| 008 | 140319s9999 xx 000 0 ara d | ||
| 040 |
_aGCL / _cGCL |
||
| 082 | 0 | 4 |
_a880 _bف ا |
| 100 | 1 | _aفيراسميرنوفا | |
| 245 | 1 | 0 |
_aابطال الاغريق :اساطير يونانية / _cفيراسميرنوفا |
| 300 | _a152 | ||
| 490 |
_aكتاب _v0 |
||
| 650 | 0 | 4 | _aالادب اليونانى |
| 650 | 0 | 4 | _aالادب |
| 650 | 0 | 4 | _aالاساطير |
| 650 | 0 | 4 | _aالاساطير فى الادب |
| 650 | 0 | 4 | _aالاساطير اليونانية |
| 650 | 0 | 4 | _aالادب اليونانى القديم |
| 650 | 0 | 4 | _aالادب اليونانى المترجم |
| 942 |
_2ddc _cBK |
||
| 999 |
_c42518 _d42518 |
||